| 000 | 00908cam a2200217 i 4500 | ||
|---|---|---|---|
| 005 | 20251211115451.0 | ||
| 008 | 250721s1986 le gr 000 0 ara d | ||
| 082 | 1 | 4 |
_a216,34 _bر ض ا |
| 100 | 1 |
_aرضا، محمد رشيد _eمؤلف. |
|
| 245 | 1 | 2 |
_aالربا و المعاملات في الإسلام / _cتأليف السيد الامام محمد رشيد رضا ؛ كتب مقدمتها واتمها فضيلة الاستاذ العلامة الشيخ محمد بهجة البيطار. |
| 250 | _aالطبعة الاولى. | ||
| 264 | 3 | 1 |
_aالقاهرة : _bدار الكليات الأزهرية، _c1986. |
| 264 | 3 | 1 |
_aبيروت : _bدار ابن زيدون، _c1986. |
| 300 | _a175صفحة. | ||
| 650 | 1 | 7 | _aالإسلام. |
| 650 | 1 | 7 | _aالفقه. |
| 650 | 1 | 7 | _aالمعاملات (فقه إسلامي). |
| 650 | 1 | 7 | _aالربا. |
| 942 |
_2ddc _cBK |
||
| 999 |
_c1141 _d1141 |
||